BIOPHARMACEUTICS AND PHARMACOKINETICS (Record no. 27092)
[ view plain ]
| 000 -LEADER | |
|---|---|
| fixed length control field | 00411nam a22001577a 4500 |
| 003 - CONTROL NUMBER IDENTIFIER | |
| control field | SGT |
| 020 ## - INTERNATIONAL STANDARD BOOK NUMBER | |
| International Standard Book Number | 9789354661310 |
| 082 ## - DEWEY DECIMAL CLASSIFICATION NUMBER | |
| Classification number | 615.7 |
| Item number | B24G |
| 100 ## - MAIN ENTRY--PERSONAL NAME | |
| Personal name | GHANGAS, JYOTI |
| 245 ## - TITLE STATEMENT | |
| Title | BIOPHARMACEUTICS AND PHARMACOKINETICS |
| 260 ## - PUBLICATION, DISTRIBUTION, ETC. (IMPRINT) | |
| Place of publication, distribution, etc | NEW DELHI |
| Name of publisher, distributor, etc | CBS PUBLISHER |
| Year of Publication | 2024 |
| 300 ## - PAGE DESCRIPTION | |
| No. of Pages | 156 |
| 650 ## - SUBJECT ADDED ENTRY--TOPICAL TERM | |
| Topical term or geographic name as entry element | BIOPHARMACEUTICS AND PHARMACOKINETICS |
| 653 ## - KEYWORDS--INDEX TERM | |
| Keyword term | BIOPHARMACEUTICS , PHARMACOKINETICS |
| 942 ## - ADDED ENTRY ELEMENTS (KOHA) | |
| Source of classification or shelving scheme | Dewey Decimal Classification |
| Koha item type | Books |
| Withdrawn status | Lost status | Source of classification or shelving scheme | Damaged status | Use restrictions | Not for loan | Collection code | Home library | Current library | Shelving location | Date acquired | Vendor Name | Cost, normal purchase price | SGTU | Bill Number | Full call number | Accession No. (Barcode) | Date last seen | Bill Date | Koha item type | Total Checkouts |
|---|---|---|---|---|---|---|---|---|---|---|---|---|---|---|---|---|---|---|---|---|
| Dewey Decimal Classification | Restricted Access | PHARMACY | SGT FA-FP Library | SGT FA-FP Library | Reference Book | 03/10/2024 | AHUJA PUB. | 250.00 | SGTU | 19381 | 615.7 B24G | FP5206 | 03/10/2024 | 13/08/2024 | Books | |||||
| Dewey Decimal Classification | PHARMACY | SGT FA-FP Library | SGT FA-FP Library | Text Book | 03/10/2024 | AHUJA PUB. | 250.00 | SGTU | 19381 | 615.7 B24G | FP5207 | 03/10/2024 | 13/08/2024 | Books | ||||||
| Dewey Decimal Classification | PHARMACY | SGT FA-FP Library | SGT FA-FP Library | Text Book | 03/10/2024 | AHUJA PUB. | 250.00 | SGTU | 19381 | 615.7 B24G | FP5208 | 03/10/2024 | 13/08/2024 | Books | ||||||
| Dewey Decimal Classification | PHARMACY | SGT FA-FP Library | SGT FA-FP Library | Text Book | 03/10/2024 | AHUJA PUB. | 250.00 | SGTU | 19381 | 615.7 B24G | FP5209 | 03/10/2024 | 13/08/2024 | Books | ||||||
| Dewey Decimal Classification | PHARMACY | SGT FA-FP Library | SGT FA-FP Library | Text Book | 03/10/2024 | AHUJA PUB. | 250.00 | SGTU | 19381 | 615.7 B24G | FP5210 | 03/10/2024 | 13/08/2024 | Books |